UBT Library

Principles of Money,Banking,and Financial Markets (Record no. 56498)

000 -LEADER
fixed length control field 00346nam a22001457a 4500
008 - FIXED-LENGTH DATA ELEMENTS--GENERAL INFORMATION
fixed length control field 210312b ||||| |||| 00| 0 eng d
020 ## - INTERNATIONAL STANDARD BOOK NUMBER
International Standard Book Number 0465063675
041 ## - LANGUAGE CODE
Language code of text/sound track or separate title eng
080 ## - UNIVERSAL DECIMAL CLASSIFICATION NUMBER
Edition identifier 8th
Universal Decimal Classification number 336
082 ## - DEWEY DECIMAL CLASSIFICATION NUMBER
Edition number 8th
Classification number 336
100 ## - Rafti
Rafti 56
101 ## - Shkurtesa
Shkurtesa FIN
245 ## - TITLE STATEMENT
Title Principles of Money,Banking,and Financial Markets
Statement of responsibility, etc Ritter,S.L
942 ## - ADDED ENTRY ELEMENTS (KOHA)
Source of classification or shelving scheme
Item type Books
Holdings
Withdrawn status Lost status Source of classification or shelving scheme Damaged status Not for loan Collection code Permanent location Current location Shelving location Date acquired Total Checkouts Full call number Barcode Date last seen Price effective from Koha item type
          Koleksioni i përgjithshem UBT - Lipjan UBT - Lipjan Koleksioni i përgjithshem 03/12/2021   336 RIT 002-7002071 03/12/2021 03/12/2021 Books
UBT Library © 2015-2024. All rights reserved University Education for Business and Technology